| 000 | 00742nam a2200217 a 4500 | ||
|---|---|---|---|
| 005 | 20240913063833.0 | ||
| 008 | 030903s1995 mx r 000 0 spa d | ||
| 020 | _a9233030814 (UNESCO) | ||
| 020 | _a8481981761 (Los libros de la catarata) | ||
| 035 | _aUPN01000128430 | ||
| 049 | _aUNE | ||
| 050 | 4 |
_aJC423 _bB4.3 |
|
| 100 | 1 | _aBeetham, David | |
| 245 | 1 | 0 |
_aCuestiones sobre la democracia : _bconceptos, elementos y principios básicos / _cDavid Beetham, Kevin Boyle. |
| 260 |
_aParís : _bUNESCO ; _aMadrid : _bLos libros de la catarata, _cc1995. |
||
| 300 |
_a126 p. : _bil. |
||
| 590 | _a(También localizas un ejemplar en la Colección General) | ||
| 650 | 4 |
_aDemocracia _96020 |
|
| 700 | 1 |
_aBoyle, Kevin, _ecoaut. |
|
| 905 | _aLibro | ||
| 999 |
_c100609 _d100609 |
||